| 000 | nam a22 a 4500 | ||
|---|---|---|---|
| 999 |
_c1063 _d1063 |
||
| 003 | AKMAL | ||
| 005 | 20170508115731.0 | ||
| 008 | 170508s1999 my 00 may d | ||
| 020 | _a9834001606 (jil. 1) | ||
| 040 | _aAKMAL | ||
| 082 | 0 | 4 | _a297.273 ISL |
| 090 | 0 | 0 |
_a297.273 _bISL |
| 245 | 0 | 0 |
_aIslam & bisnes / _cketua editor Hj. Abd Jalal bin Basimi |
| 260 |
_aJohor Bahru : _bMasjid An-Nur Kotaraya, _c1999 |
||
| 300 | 0 | 0 |
_ajil. : _bil. wrn. ; _c31cm. |
| 500 | _aMengandungi ayat-ayat dari Quran | ||
| 500 | _aMengandungi indeks | ||
| 599 | _aDALAM PROSES | ||
| 650 | 0 |
_aBusiness _xReligious aspects _xIslam _92143 |
|
| 650 | 0 |
_aIslam and economics _92146 |
|
| 740 | 0 | 2 | _aIslam dan bisnes |
| 942 |
_2ddc _cBOOK |
||